000 01199nam2a22003011 4500
001 rc\3606372
005 20130115143420.1
021 _aRU
_b[75-83895]
035 _a(NLR Aleph) 007814915
090 _a7725387
_c7725387
100 _a20130115d1975 |||y0rusy50 ca
101 0 _arus
102 _aRU
105 _ay z |||||
200 0 _aВып. 2
_f[Л.А. Шейман, Е.Н. Курбатова, З.С. Смелкова, О.Г. Симонова]
210 _d1975
215 _a144 с.
320 _aСписок лит.: с. 142-143
461 0 _1001rc\3606370
_12001#$aПути оптимизации структуры учебников по русской литературе для киргизской школы$fПод общ. ред. [и с предисл.] Л.А. Шеймана$gКирг. науч.-исслед. ин-т педагогики. Вып. 1-$vВып. 2
701 1 _aСмелкова
_bЗ. С.
701 1 _aСимонова
_bО. Г.
701 1 _aКурбатова
_bЕ. Н.
701 1 _aШейман
_bЛ. А.
_gЛев Аврумович
801 0 _aRU
_bNLR
_gpsbo
801 1 _aRU
_bELAR
_2rusmarc
852 _aNLR
_j73-5/6314
942 _cBOOK
980 _aNB